| 000 | 00370cam a2200157Ia 4500 | ||
|---|---|---|---|
| 020 | _a0834801981 | ||
| 040 | _cLPU | ||
| 041 | 1 | _hjpn | |
| 082 | _a895 JOH 1984 A094 Or. | ||
| 100 | 1 | _aIkeda, Daisaku | |
| 245 | 1 | 4 | _aThe human revolution / |
| 250 | _a"first edition" | ||
| 300 |
_avolumes : _billustrations ; _c22 cm |
||
| 650 | 0 | _aNichiren Sh¿sh¿± | |
| 942 | _cEK | ||
| 999 |
_c13801 _d13801 |
||